000 00822 a2200169 4500
003 Nust
005 20230714114149.0
040 _cNust
082 _a550,FRA
100 _a Fraser, Ronald.
_9113641
245 _aOnce Round The Sun:
_bThe story of the International Geophysical Year /
_c Fraser, Ronald.
260 _a New York,
_b Macmillan
_c [1958, c1957]
300 _a160 p. illus
_b. 22 cm.
505 _aThe Spinning Earth (Page-19), Climate and Weather (Page-34), Currents , Waves and Tides (Page-51), Patterns in the Outer Atmosphere (Page-60), Sunspots and Solar Flares (Page-79), A Year of Planned Observations (Page-97), Antarctica (Page-109), Division of Labor (Page-129), Rockets and Satellites (Page-144), The Summing UP (Page-159).
650 _aOnce round the sun .
_9113642
942 _2ddc
_cBK
_k550,FRA
999 _c183770
_d183770